Open to offers (Record no. 79807)
[ view plain ]
| 000 -LEADER | |
|---|---|
| fixed length control field | 00890cab a22001935a 4500 |
| 001 - CONTROL NUMBER | |
| control field | L142424 |
| 008 - FIXED-LENGTH DATA ELEMENTS--GENERAL INFORMATION | |
| fixed length control field | 080213e20080125xxk f 000 0 eng d |
| 035 ## - SYSTEM CONTROL NUMBER | |
| System control number | (Sirsi) u142424 |
| 041 0# - LANGUAGE CODE | |
| Language code of text/sound track or separate title | eng |
| 100 1# - MAIN ENTRY--PERSONAL NAME | |
| Personal name | Merrick, Neil |
| 245 00 - TITLE STATEMENT | |
| Title | Open to offers |
| 260 ## - PUBLICATION, DISTRIBUTION, ETC. | |
| Date of publication, distribution, etc. | 2008 |
| 490 ## - SERIES STATEMENT | |
| Series statement | Inside Housing |
| Volume/sequential designation | 25 January 2008, 18-20(3) |
| 520 ## - SUMMARY, ETC. | |
| Summary, etc. | Considers developments surrounding bids for large residential developments as part of the government's eco-town development scheme. The first successful bids are soon to be revealed. It is intended that there should be five such towns created by 2016, and a further five by 2020. Argues that some proposed developments are essentially identical to long-standing ideas. Details a number of proposed sites. |
| 590 ## - LOCAL NOTE (RLIN) | |
| Local note | KA |
| 651 #4 - SUBJECT ADDED ENTRY--GEOGRAPHIC NAME | |
| Geographic name | United Kingdom |
| Chronological subdivision | |
| 690 ## - LOCAL SUBJECT ADDED ENTRY--TOPICAL TERM (OCLC, RLIN) | |
| Topical term or geographic name as entry element | PROPERTY-RESIDENTIAL PROPERTY-RESIDENTIAL PROPERTY DEVELOPMENT |
| 942 ## - ADDED ENTRY ELEMENTS (KOHA) | |
| Suppress in OPAC | 0 |
| Withdrawn status | Lost status | Source of classification or shelving scheme | Damaged status | Not for loan | Home library | Current library | Shelving location | Date acquired | Total Checkouts | Full call number | Barcode | Date last seen | Copy number | Price effective from | Koha item type |
|---|---|---|---|---|---|---|---|---|---|---|---|---|---|---|---|
| Dewey Decimal Classification | London | London | Journal article | 13/02/2008 | L142424 | 142424-1001 | 06/08/2019 | 1 | 06/08/2019 | Journal article |